| 000 | 00647nam a22001577a 4500 | ||
|---|---|---|---|
| 003 | OSt | ||
| 005 | 20150920083228.0 | ||
| 008 | 150920b xxu||||| |||| 00| 0 eng d | ||
| 040 | _cRUA | ||
| 082 | _aAGR HEA 2008 B038 Or.1 | ||
| 100 |
_9898 _aHEAN, SEREIVUTH. |
||
| 245 | _aThe insects pests on cashew tree in cheung prey district kompong cham province សត្វល្អិតលើដំណាំស្វាយចន្ទីក្នុងល័ក្ខខ័ណ្ឌស្រុកជើងព្រៃ ខេត្ដកំពង់ចាម | ||
| 260 |
_aPhnom Penh _bRUA _c2008 |
||
| 300 |
_axiii; 72p. _bill. _c29cm. |
||
| 942 |
_2ddc _cAGR |
||
| 999 |
_c866 _d866 |
||